| 000 | 01073nam a2200289Ia 4500 | ||
|---|---|---|---|
| 001 | Para_9538 | ||
| 003 | CHAP | ||
| 008 | 220125s2008 xx 000 0 und d | ||
| 010 | _a208212 | ||
| 040 | _cCHAP | ||
| 090 | _aTESIS 2229 | ||
| 100 |
_aAmbrosio Torres, Gregorio _95206 |
||
| 245 |
_aCapacidad de infestación de los nemátodos Romanomermis iyengari Welch y Strelkovimermis spiculatus Poinar & Camino en larvas de mosquito Culex quinquefasciatus Say / _c por Gregorio Ambrosio Torres |
||
| 260 |
_aChapingo, Méx. : _b el autor |
||
| 300 | _a58 h + anexo | ||
| 502 | _aMemoria de experiencia profesional (Ing. Agr. Esp. en Parasitología Agrícola) -- UACh. Departamento Parasitología Agrícola | ||
| 650 |
_aControl biológico de insectos _927582 |
||
| 650 |
_aCulex quinquefsciatus _9164158 |
||
| 710 |
_aUACh. Departamento Parasitología Agrícola _9164025 |
||
| 901 | _aTESIS 2229 | ||
| 902 | _aM | ||
| 905 | _a0000002008 nm 0000000000 00 | ||
| 910 | _a2008 | ||
| 942 | _cPARA | ||
| 942 |
_cPARA _d2 |
||
| 999 |
_c208212 _d208212 |
||